| 000 | 01046cam a2200301 a 4500 | ||
|---|---|---|---|
| 001 | 31466 | ||
| 003 | BD-RjUL | ||
| 005 | 20211209051714.0 | ||
| 008 | 140416s193 61960 nyua b 001 0 eng | ||
| 035 | _a(BD-RjUL) | ||
| 040 |
_aDLC _cDLC _dDLC _beng |
||
| 041 | _aeng | ||
| 082 | 0 | 0 |
_a261.55 _220 _bRUR 1960 |
| 100 |
_a Russell ,Bertrand _93380 |
||
| 245 | 0 | 0 |
_aReligion & science : _cBertrand Russell |
| 260 |
_aNew York : _bOxford University Press , _c1935 [Reprinted 1960] |
||
| 300 |
_axxiii, 254 p. ; _bill. ; _c 21 cm. |
||
| 504 | _aIncludes bibliographical references (p. [429]-438) and index. | ||
| 650 | 0 |
_aReligion and science. _995729 |
|
| 650 | 0 |
_aReligion and science _xHistory. _934961 |
|
| 650 | 0 |
_aReligion and science _xMethodology. _995730 |
|
| 700 | 1 |
_aRichardson, W. Mark, _d1949- _995731 |
|
| 700 | 1 |
_aWildman, Wesley J., _d1961- _995732 |
|
| 856 | 4 | 2 |
_3Publisher description _uhttp://www.loc.gov/catdir/enhancements/fy0651/95047045-d.html |
| 942 |
_2ddc _cBK |
||
| 999 |
_c31466 _d31466 |
||